| 000 | 01157nac a22004330a 4500 | ||
|---|---|---|---|
| 001 | PT57122 | ||
| 003 | AR-LpoUNG | ||
| 005 | 20210201005546.0 | ||
| 008 | 201001s2016||||ag |||||||||||||||||spa d | ||
| 020 |
_a9789873804298 _c$25 |
||
| 040 |
_aAR-LpoUNG _bspa _eaacr |
||
| 041 | _aspa | ||
| 044 | _aag | ||
| 082 | 0 | _a980.03 617v1 | |
| 100 | 1 | _aAnsaldi, Waldo | |
| 245 | 1 | 0 | _aDe la colonia a la disolución de la dominación oligárquica |
| 250 | _a1ra. ed., aum. | ||
| 260 |
_aBuenos Aires : _bAriel, _c2016. |
||
| 300 |
_a743 p. : _bil. _a(2 _fVolúmenes) _3Impreso |
||
| 490 | 0 | _aAmérica Latina : la construcción del orden | |
| 650 | 4 | _aAMERICA LATINA | |
| 650 | 4 | _aANALISIS HISTORICO | |
| 650 | 4 | _aASPECTOS ECONOMICOS | |
| 650 | 4 | _aCAMBIO SOCIAL | |
| 650 | 4 | _aCOLONIALISMO | |
| 650 | 4 | _aCOMUNIDADES | |
| 650 | 4 | _aESTADO | |
| 650 | 4 | _aGUERRA CIVIL | |
| 650 | 4 | _aHISTORIA POLITICA | |
| 650 | 4 | _aPOBLACION INDIGENA | |
| 650 | 4 | _aREFORMA POLITICA | |
| 650 | 4 | _aREVOLUCION | |
| 650 | 4 | _aSOCIEDAD | |
| 651 | 4 | _aAmérica Latina | |
| 653 | _aOLIGARQUIA | ||
| 700 | 1 | _aGiordano, Verónica | |
| 905 | _a57122 | ||
| 942 | _cLIB | ||
| 999 |
_c50213 _d50213 |
||